Statistics for US State by picture

Click here to take the quiz!

General Stats

  • This quiz has been taken 28 times
  • The average score is 10 of 16

Answer Stats

Answer% Correct
California
100%
Florida
100%
Arizona
93%
Alaska
89%
Hawaii
70%
Nevada
70%
Colorado
67%
Georgia
59%
Indiana
56%
Oregon
56%
Wyoming
56%
Iowa
52%
Alabama
44%
Rhode island
44%
Mississippi
37%
Nebraska
30%

Score Distribution

Percentile by Number Answered

Percent of People with Each Score

Your Score History

You have not taken this quiz